000 00715nam a22001577a 4500
003 OSt
005 20160111102834.0
008 160111b xxu||||| |||| 00| 0 eng d
040 _cRUA
082 _aGRS KRA 2007 B340 Or.1
100 _96233
_aKRAUTCH, KIRY.
245 _aprevention of highly pathogenic avian influenza in sre ronaung commune, tramkak district, takeo province (ការទប់ស្កាត់ការឆ្លងរាលដាល​ ជម្ងឺផ្តាសាយបក្សី នៅឃុំស្រែរនោង ស្រុកត្រាំកក់ ខេត្តតាកេវ)
260 _aPhnom Penh
_bRUA
_c2007
300 _aviii, 50p.
_bill.
_c29cm.
942 _2ddc
_cGRS
999 _c5807
_d5807